000 00258nam a2200109Ia 4500
008 220204s9999 xx 000 0 und d
082 _a82-3
_bJAM
100 _aJames, P D
245 0 _aShroud for a nightingale
260 _aLondon
_bSphere
_c1973
942 _cBK
999 _c33526
_d33526